[Event "CHN-chT"]
[Site "Liaocheng"]
[Date "2021.10.22"]
[Round "3.4"]
[White "Ye, Xuqing"]
[Black "Liu, Mide"]
[Result "0-1"]
[WhiteElo "1956"]
[BlackElo "1966"]
[PlyCount "60"]
[EventDate "2021.10.20"]
[EventType "team-swiss"]
[EventRounds "9"]
[EventCountry "CHN"]
[SourceTitle "CBM 204 Extra"]
[Source "ChessBase"]
[SourceDate "2021.11.30"]
[SourceVersion "1"]
[SourceVersionDate "2021.11.30"]
[SourceQuality "1"]
[WhiteTeam "Hubei"]
[BlackTeam "Qingdao"]
[WhiteTeamCountry "CHN"]
[BlackTeamCountry "CHN"]

1. d4 Nf6 2. Nf3 g6 3. c4 Bg7 4. g3 0-0 5. Bg2 d5 6. Nc3 dxc4 7. Ne5 Ne8 8. f4 Nc6 9. Be3 Nd6 10. Bf2 Nf5 11. Bxc6 bxc6 12. e4 Nd6 13. Nxc6 Qe8 14. Na5 Nb5 15. Rc1 Nxc3 16. Rxc3 c5 17. Rxc4 cxd4 18. Bxd4 Ba6 19. Rb4 Rd8 20. e5 Qd7 21. Qf3 Rb8 22. Rxb8 Rxb8 23. Bc3 Qf5 24. Nc6 Qb1+ 25. Kd2 Rxb2+ 26. Bxb2 Qxb2+ 27. Ke3 Bb7 28. Qd5 Qb6+ 29. Qd4 Qxc6 30. Rc1 Qxc1+ 0-1

[Event "Belt and Road Hunan op-C"]
[Site "Changsha"]
[Date "2019.07.31"]
[Round "4"]
[White "Ye, Xuqing"]
[Black "Ye, Fan"]
[Result "1-0"]
[WhiteElo "1879"]
[BlackElo "1617"]
[PlyCount "67"]
[EventDate "2019.07.29"]
[EventType "swiss"]
[EventRounds "9"]
[EventCountry "CHN"]
[SourceTitle "EXT 2020"]
[Source "ChessBase"]
[SourceDate "2019.10.17"]
[SourceVersion "1"]
[SourceVersionDate "2019.10.17"]
[SourceQuality "1"]

1. d4 d5 2. c4 c6 3. Nf3 Nf6 4. g3 g6 5. Bg2 Bg7 6. 0-0 0-0 7. Ne5 Be6 8. Nc3 dxc4 9. e4 Nfd7 10. Nf3 Bg4 11. h3 Bxf3 12. Bxf3 b5 13. e5 a6 14. Be3 Qc7 15. a4 b4 16. Ne2 a5 17. Qc1 Nb6 18. Nf4 e6 19. Be2 N8d7 20. Bxc4 c5 21. Bxe6 fxe6 22. Nxe6 Qc6 23. Nxg7 Kxg7 24. Bh6+ Kg8 25. Bxf8 Rxf8 26. Qd1 cxd4 27. Qxd4 Qd5 28. Qxd5+ Nxd5 29. Rad1 N7b6 30. Rd4 Kf7 31. Rc1 Ne7 32. Rc5 Nxa4 33. Rxa5 Nc6 34. Rf4+ 1-0